The Emergence of Ecodesign and the Circular Economy Model

Ekodizajn ako kľúčová koncepcia výrobného priemyslu a jeho úsilie o transformáciu masovej výroby, masovej spotreby a masovej likvidácie paradigmy na dosiahnutie udržateľnosti. Prehľad konceptov, modelov a prístupov, ktoré majú ambíciu vytvárať spoločnosť rešpektujúcu ľudí a planétu, od trvalo udržat...

Full description

Saved in:
Bibliographic Details
Main Author: Chomová, Katarína, 1983-
Format: Book Chapter
Language:English
Subjects:
Tags: Add Tag
No Tags, Be the first to tag this record!

MARC

LEADER 00000naa$a2200000$$$4500
001 0281037
005 20240502074351.1
041 0 |a eng 
044 |a SK 
245 1 0 |a The Emergence of Ecodesign and the Circular Economy Model  |c Katarína Chomová 
520 |a Ekodizajn ako kľúčová koncepcia výrobného priemyslu a jeho úsilie o transformáciu masovej výroby, masovej spotreby a masovej likvidácie paradigmy na dosiahnutie udržateľnosti. Prehľad konceptov, modelov a prístupov, ktoré majú ambíciu vytvárať spoločnosť rešpektujúcu ľudí a planétu, od trvalo udržateľného rozvoja po model obehového hospodárstva. 
610 2 0 |a dizajn 
610 2 0 |a hospodárstvo obehové 
610 2 0 |a rozvoj trvalo udržateľný 
610 2 0 |a zodpovednosť podniku spoločenská 
610 2 0 |a podnik 
100 1 |a Chomová, Katarína, 1983-